000 00594nam a22002297a 4500
003 UA-OsUOA
001 25822
007 ta
008 20040428b un ||||| |||| 00| 0 ukr d
090 _a368(035)
_bС76
942 _cBK
040 _aUA-OsUOA
_brus
_cUA-OsUOA
_dUA-OsUOA
245 _aСправочник по государственному страхованию
_cРед. Л.А.Мотылёва
300 _a205 с.
955 _a0
041 _arus
080 _a368(035)
260 _aМосква
_bФинансы
_c1978
044 _aRU
650 7 _2UDC
999 _c312126
_d312126